[Event "Reykjavik ISL-ch op"]
[Site "Reykjavik"]
[Date "2020.08.23"]
[Round "2"]
[White "Ragnarsson, Johann Hjortur"]
[Black "Jonasson, Hordur"]
[Result "1-0"]
[WhiteElo "1952"]
[BlackElo "1546"]
[PlyCount "105"]
[EventDate "2020.08.22"]
[EventType "swiss"]
[EventRounds "9"]
[EventCountry "ISL"]
[SourceTitle "CBM 198 Extra"]
[Source "ChessBase"]
[SourceDate "2020.11.30"]
[SourceVersion "1"]
[SourceVersionDate "2020.11.30"]
[SourceQuality "1"]

1. d4 Nf6 2. c4 g6 3. Nc3 Bg7 4. e4 d6 5. f4 c5 6. d5 0-0 7. Nf3 e6 8. Be2 exd5 9. cxd5 Re8 10. e5 dxe5 11. fxe5 Ng4 12. Bf4 Nxe5 13. Nxe5 Bxe5 14. Bxe5 Rxe5 15. 0-0 Rf5 16. Qd2 a6 17. Ne4 Qe7 18. Bd3 Rxf1+ 19. Rxf1 Bf5 20. Re1 Bxe4 21. Rxe4 Qd8 22. d6 Nc6 23. Bc4 Qd7 24. Qh6 Kh8 25. Rh4 f6 26. Qxg6 Qg7 27. Qe4 Ne5 28. Bd5 Rd8 29. Qf5 Rd7 30. Qe6 Qf7 31. Qxf7 Nxf7 32. Be6 Rxd6 33. Bxf7 Kg7 34. Bc4 b5 35. Rg4+ Kh6 36. Be2 Rd2 37. Kf1 Rxb2 38. Rg8 f5 39. g3 c4 40. h3 Rd2 41. Ke1 Rd6 42. g4 fxg4 43. hxg4 Rg6 44. Rxg6+ hxg6 45. Kd2 Kg5 46. Kc3 a5 47. Kd4 Kf4 48. Bd1 g5 49. Kc5 Ke3 50. Kxb5 c3 51. Kxa5 Kd3 52. Kb4 Kd2 53. Bb3 1-0

[Event "Reykjavik Icelandic op"]
[Site "Reykjavik"]
[Date "2018.06.01"]
[Round "1"]
[White "Jonasson, Hordur"]
[Black "Thorsteinsdottir, Gudlaug"]
[Result "0-1"]
[WhiteElo "1494"]
[BlackElo "1983"]
[PlyCount "86"]
[EventDate "2018.06.01"]
[EventType "swiss"]
[EventRounds "10"]
[EventCountry "ISL"]
[SourceTitle "CBM 184 Extra"]
[Source "ChessBase"]
[SourceDate "2018.06.28"]
[SourceVersion "1"]
[SourceVersionDate "2018.06.28"]
[SourceQuality "1"]

1. e4 c5 2. Nf3 e6 3. d4 cxd4 4. Nxd4 a6 5. a4 Qc7 6. Nc3 Bb4 7. Bd2 Nf6 8. Bd3 Nc6 9. Nf3 b6 10. h3 Bb7 11. 0-0 h5 12. Ne2 Bd6 13. Qc1 Ng4 14. Bf4 Nge5 15. Nxe5 Bxe5 16. Bxe5 Qxe5 17. c3 g5 18. Qe3 Qc5 19. Qxc5 bxc5 20. f3 Ne5 21. Rad1 Ke7 22. b3 Rag8 23. Bc2 g4 24. hxg4 hxg4 25. f4 Nf3+ 26. Kf2 Nh4 27. g3 Nf3 28. Rh1 d5 29. Rxh8 Rxh8 30. Ke3 Rh2 31. exd5 Bxd5 32. c4 Bc6 33. Bb1 f5 34. Bd3 Rh3 35. Kf2 Rh2+ 36. Ke3 Rg2 37. Rf1 Rh2 38. Bb1 Rh3 39. Kf2 Nd2 40. Rd1 Nxb3 41. Ba2 Rh2+ 42. Ke3 Nd4 43. Nc3 Nc2+ 0-1

[Event "Reykjavik Congress"]
[Site "Reykjavik"]
[Date "2018.01.14"]
[Round "2"]
[White "Jonasson, Hordur"]
[Black "Omarsson, Adam"]
[Result "1-0"]
[WhiteElo "1547"]
[BlackElo "1068"]
[PlyCount "61"]
[EventDate "2018.01.10"]
[EventType "swiss"]
[EventRounds "9"]
[EventCountry "ISL"]
[SourceTitle "CBM 182 Extra"]
[Source "ChessBase"]
[SourceDate "2018.02.23"]
[SourceVersion "1"]
[SourceVersionDate "2018.02.23"]
[SourceQuality "1"]

1. e4 e5 2. Nf3 Nc6 3. Bb5 a6 4. Ba4 Nf6 5. 0-0 Bc5 6. d3 h6 7. Bxc6 bxc6 8. Nxe5 0-0 9. Ng4 Nxg4 10. Qxg4 d5 11. Qg3 Bd6 12. e5 g6 13. exd6 cxd6 14. Bxh6 Re8 15. Bg5 Qb6 16. Bf6 Re6 17. Qh4 Rxf6 18. Qxf6 Be6 19. Nd2 d4 20. b3 Kh7 21. Ne4 Rh8 22. Ng5+ Kg8 23. Nxe6 fxe6 24. Qxg6+ Kf8 25. Qxe6 Qd8 26. Qf5+ Kg7 27. Rfe1 Qh4 28. Qd7+ Kg6 29. Qxd6+ Kf7 30. Qd7+ Kg6 31. Re6+ 1-0

[Event "Reykjavik op"]
[Site "Reykjavik"]
[Date "2017.04.27"]
[Round "10"]
[White "Ontiveros, John"]
[Black "Jonasson, Hordur"]
[Result "0-1"]
[WhiteElo "1741"]
[BlackElo "1513"]
[PlyCount "78"]
[EventDate "2017.04.19"]
[EventType "swiss"]
[EventRounds "10"]
[EventCountry "ISL"]
[SourceTitle "CBM 178 Extra"]
[Source "ChessBase"]
[SourceDate "2017.06.22"]
[SourceVersion "1"]
[SourceVersionDate "2017.06.22"]
[SourceQuality "1"]

1. d4 Nf6 2. c4 g6 3. Nc3 Bg7 4. e4 d6 5. Bd3 0-0 6. Nge2 e5 7. d5 a5 8. 0-0 Na6 9. f4 exf4 10. Bxf4 Nc5 11. Bc2 Re8 12. Ng3 h5 13. Bg5 Re5 14. Qd2 Ncd7 15. Rf2 Qe8 16. Raf1 Nh7 17. Bh6 Ndf6 18. Bxg7 Kxg7 19. Nb5 Qd8 20. Nd4 Bd7 21. Nf3 Re8 22. Ng5 Rf8 23. Qd4 Nxg5 24. Rxf6 Kg8 25. e5 Nh7 26. Nxh5 Nxf6 27. exf6 Kh7 28. Qh4 Rh8 29. Qg5 Qf8 30. Nf4 Qh6 31. Qg3 Bf5 32. Bxf5 gxf5 33. Nh3 Qg6 34. Qd3 Kg8 35. Rf3 Kf8 36. Re3 Qxf6 37. Rf3 Rh5 38. g4 Rh4 39. Nf2 Qe5 0-1

[Event "Reykjavik op"]
[Site "Reykjavik"]
[Date "2017.04.26"]
[Round "9"]
[White "Jonasson, Hordur"]
[Black "Tummasarson, Flovin M"]
[Result "1-0"]
[WhiteElo "1513"]
[BlackElo "1224"]
[PlyCount "99"]
[EventDate "2017.04.19"]
[EventType "swiss"]
[EventRounds "10"]
[EventCountry "ISL"]
[SourceTitle "CBM 178 Extra"]
[Source "ChessBase"]
[SourceDate "2017.06.22"]
[SourceVersion "1"]
[SourceVersionDate "2017.06.22"]
[SourceQuality "1"]

1. e4 e5 2. Nf3 Nc6 3. Bb5 d6 4. c3 a6 5. Ba4 b5 6. Bc2 Bg4 7. h3 Bh5 8. d3 Be7 9. 0-0 Nf6 10. Bg5 0-0 11. Nbd2 Qd7 12. Re1 Nd8 13. Nf1 Ne6 14. Bxf6 Bxf6 15. Ng3 Bxf3 16. Qxf3 Nf4 17. Ne2 Nxe2+ 18. Rxe2 c6 19. Bb3 Rad8 20. Rd1 d5 21. exd5 cxd5 22. Red2 Bg5 23. Re2 Rfe8 24. Rde1 Bf6 25. Qe3 h6 26. Qb6 Ra8 27. Qc5 Red8 28. Qe3 a5 29. Bc2 d4 30. cxd4 Qxd4 31. b3 a4 32. Qxd4 Rxd4 33. bxa4 bxa4 34. Re4 a3 35. Rxd4 exd4 36. Rb1 Rc8 37. Bb3 Ra8 38. Bc4 Ra7 39. Rb3 g6 40. f4 Kf8 41. Kf2 g5 42. f5 Be5 43. Kf3 Bf4 44. Kg4 Kg7 45. Rb6 f6 46. g3 Bc1 47. Rb8 Bb2 48. Rg8+ Kh7 49. Rg6 Ra4 50. Rxf6 1-0

[Event "Reykjavik op"]
[Site "Reykjavik"]
[Date "2017.04.20"]
[Round "3"]
[White "Davidsdottir, Nansy"]
[Black "Jonasson, Hordur"]
[Result "1-0"]
[WhiteElo "1864"]
[BlackElo "1513"]
[PlyCount "65"]
[EventDate "2017.04.19"]
[EventType "swiss"]
[EventRounds "10"]
[EventCountry "ISL"]
[SourceTitle "CBM 178 Extra"]
[Source "ChessBase"]
[SourceDate "2017.06.22"]
[SourceVersion "1"]
[SourceVersionDate "2017.06.22"]
[SourceQuality "1"]

1. e4 c6 2. d4 d5 3. exd5 cxd5 4. Bd3 Nc6 5. c3 Nf6 6. Bf4 Bg4 7. f3 Bh5 8. Qb3 Qd7 9. Ne2 e6 10. 0-0 Bg6 11. Qc2 Bxd3 12. Qxd3 Bd6 13. Bxd6 Qxd6 14. Nd2 0-0 15. f4 Ne7 16. Ng3 g6 17. Rae1 Nf5 18. Kh1 Kg7 19. Ne2 h5 20. Ng1 Rh8 21. Nh3 a6 22. Ng5 Rae8 23. Nb3 Nd7 24. Qe2 b5 25. Kg1 Qc7 26. Nf3 Nd6 27. Ne5 Ne4 28. Nd2 Nxd2 29. Qxd2 Nxe5 30. fxe5 Qe7 31. Rf6 Ref8 32. Qg5 h4 33. Rxg6+ 1-0

[Event "Reykjavik op"]
[Site "Reykjavik"]
[Date "2017.04.19"]
[Round "1"]
[White "Jonasson, Hordur"]
[Black "Barthel, Ansgar"]
[Result "0-1"]
[WhiteElo "1513"]
[BlackElo "2166"]
[PlyCount "38"]
[EventDate "2017.04.19"]
[EventType "swiss"]
[EventRounds "10"]
[EventCountry "ISL"]
[SourceTitle "CBM 178 Extra"]
[Source "ChessBase"]
[SourceDate "2017.06.22"]
[SourceVersion "1"]
[SourceVersionDate "2017.06.22"]
[SourceQuality "1"]

1. e4 Nf6 2. e5 Nd5 3. d4 d6 4. c4 Nb6 5. exd6 cxd6 6. Nf3 g6 7. Be2 Bg7 8. Nc3 0-0 9. h3 Nc6 10. Be3 d5 11. c5 Nc4 12. Bxc4 dxc4 13. b3 cxb3 14. axb3 b6 15. Qd2 Be6 16. Rb1 Bf5 17. Rb2 bxc5 18. dxc5 Qa5 19. b4 Qa1+ 0-1

[Event "Reykjavik op"]
[Site "Reykjavik"]
[Date "2016.03.15"]
[Round "9"]
[White "Dekker, Derk"]
[Black "Jonasson, Hordur"]
[Result "1-0"]
[WhiteElo "1861"]
[BlackElo "1536"]
[PlyCount "37"]
[EventDate "2016.03.08"]
[EventType "swiss"]
[EventRounds "10"]
[EventCountry "ISL"]
[SourceTitle "CBM 171 Extra"]
[Source "ChessBase"]
[SourceDate "2016.04.26"]
[SourceVersion "1"]
[SourceVersionDate "2016.04.26"]
[SourceQuality "1"]

1. e4 e5 2. Nf3 Nc6 3. Nc3 Nf6 4. Bb5 d6 5. d4 exd4 6. Nxd4 Bd7 7. Nxc6 Bxc6 8. Bxc6+ bxc6 9. 0-0 Be7 10. Be3 0-0 11. f4 Qd7 12. h3 g6 13. Qf3 Ne8 14. f5 Bf6 15. Bh6 Ng7 16. g4 Bd4+ 17. Kg2 f6 18. Ne2 Bxb2 19. Qb3+ 1-0

[Event "Reykjavik op"]
[Site "Reykjavik"]
[Date "2016.03.12"]
[Round "6"]
[White "Jonasson, Hordur"]
[Black "Magnusson, Thorsteinn"]
[Result "1/2-1/2"]
[WhiteElo "1536"]
[BlackElo "1314"]
[PlyCount "92"]
[EventDate "2016.03.08"]
[EventType "swiss"]
[EventRounds "10"]
[EventCountry "ISL"]
[SourceTitle "CBM 171 Extra"]
[Source "ChessBase"]
[SourceDate "2016.04.26"]
[SourceVersion "1"]
[SourceVersionDate "2016.04.26"]
[SourceQuality "1"]

1. e4 e6 2. d4 d5 3. exd5 exd5 4. Nf3 Bd6 5. Bd3 Ne7 6. 0-0 Bf5 7. Bg5 Bxd3 8. Qxd3 Nbc6 9. c3 Qd7 10. Bxe7 Nxe7 11. Ne5 Bxe5 12. dxe5 Ng6 13. Re1 0-0-0 14. Qd4 Kb8 15. a4 Rhe8 16. Nd2 Qf5 17. Nf3 Nf4 18. g3 Nh3+ 19. Kg2 g5 20. Re2 h5 21. Rae1 h4 22. Ng1 g4 23. Qe3 f6 24. f4 gxf3+ 25. Qxf3 Qxf3+ 26. Nxf3 Ng5 27. exf6 h3+ 28. Kf2 Ne4+ 29. Kf1 Nxf6 30. Rxe8 Rxe8 31. Rxe8+ Nxe8 32. Ng5 Nf6 33. Nxh3 Ng4 34. Kg2 Ne3+ 35. Kf3 Nd1 36. g4 Nxb2 37. Nf4 Nxa4 38. Nxd5 Nc5 39. Ne7 a5 40. h4 a4 41. h5 a3 42. h6 a2 43. h7 a1Q 44. h8Q+ Ka7 45. Qd4 Qf1+ 46. Qf2 Qd3+ 1/2-1/2

[Event "Reykjavik op"]
[Site "Reykjavik"]
[Date "2016.03.09"]
[Round "3"]
[White "Jonasson, Hordur"]
[Black "Baumgartner, Christopher"]
[Result "0-1"]
[WhiteElo "1536"]
[BlackElo "1821"]
[PlyCount "42"]
[EventDate "2016.03.08"]
[EventType "swiss"]
[EventRounds "10"]
[EventCountry "ISL"]
[SourceTitle "CBM 171 Extra"]
[Source "ChessBase"]
[SourceDate "2016.04.26"]
[SourceVersion "1"]
[SourceVersionDate "2016.04.26"]
[SourceQuality "1"]

1. e4 c5 2. Nf3 d6 3. Bb5+ Nd7 4. c3 a6 5. Bxd7+ Bxd7 6. 0-0 Bg4 7. h3 Bh5 8. d4 cxd4 9. cxd4 Nf6 10. Re1 e6 11. Bg5 Be7 12. Qb3 Bxf3 13. Qxf3 Qa5 14. Bd2 Qb6 15. Bc3 0-0 16. Nd2 Rac8 17. Rac1 d5 18. e5 Nd7 19. a3 f6 20. Qe3 fxe5 21. dxe5 Bc5 0-1

[Event "Reykjavik op"]
[Site "Reykjavik"]
[Date "2016.03.08"]
[Round "1"]
[White "Edel, Thomas"]
[Black "Jonasson, Hordur"]
[Result "1-0"]
[WhiteElo "2127"]
[BlackElo "1536"]
[PlyCount "52"]
[EventDate "2016.03.08"]
[EventType "swiss"]
[EventRounds "10"]
[EventCountry "ISL"]
[SourceTitle "CBM 171 Extra"]
[Source "ChessBase"]
[SourceDate "2016.04.26"]
[SourceVersion "1"]
[SourceVersionDate "2016.04.26"]
[SourceQuality "1"]

1. d4 Nf6 2. Nf3 g6 3. e3 Bg7 4. c4 d6 5. Be2 0-0 6. 0-0 b6 7. Nc3 Bb7 8. Qc2 Nbd7 9. Rd1 Re8 10. e4 e5 11. d5 h6 12. h3 a5 13. Be3 Nc5 14. a3 Bc8 15. b4 Nb7 16. Ne1 Nd7 17. Rdc1 Nb8 18. Nd3 Na6 19. Na4 f5 20. f3 f4 21. Bf2 Qg5 22. Kf1 Bd7 23. c5 Bxa4 24. Qxa4 axb4 25. axb4 bxc5 26. Qc6 Nd8 1-0

[Event "Reykjavik Skakmot op"]
[Site "Reykjavik"]
[Date "2015.05.13"]
[Round "7"]
[White "Jonasson, Hordur"]
[Black "Sigurthorsson, Kristinn J"]
[Result "0-1"]
[WhiteElo "1562"]
[BlackElo "1749"]
[PlyCount "72"]
[EventDate "2015.03.25"]
[EventType "swiss"]
[EventRounds "7"]
[EventCountry "ISL"]
[SourceTitle "EXT 2016"]
[Source "ChessBase"]
[SourceDate "2015.10.08"]
[SourceVersion "1"]
[SourceVersionDate "2015.10.08"]
[SourceQuality "1"]

1. e4 c6 2. d4 g6 3. Nd2 d6 4. h3 Bg7 5. c3 Nf6 6. Bd3 Nbd7 7. Ne2 e5 8. Nc4 Qe7 9. Be3 d5 10. exd5 Nxd5 11. dxe5 Nxe3 12. Nxe3 Nxe5 13. Bc2 0-0 14. 0-0 Rd8 15. Qc1 Be6 16. Nd4 Rd6 17. Nxe6 Rxe6 18. Bb3 Nd3 19. Qd2 Rd6 20. Qc2 Bh6 21. Ng4 Bg7 22. Rad1 Rad8 23. Bc4 Nf4 24. Rxd6 Qxd6 25. Re1 a5 26. Qb3 Qd7 27. a4 Qd2 28. Re7 Qc1+ 29. Kh2 b5 30. axb5 cxb5 31. Bxb5 Ne6 32. Bc4 Qg5 33. Qb7 Qf4+ 34. g3 Qxc4 35. Rxf7 Rf8 36. Re7 h5 0-1

[Event "Reykjavik Skakmot op"]
[Site "Reykjavik"]
[Date "2015.05.06"]
[Round "6"]
[White "Jonsson, Tomas Arni"]
[Black "Jonasson, Hordur"]
[Result "1/2-1/2"]
[WhiteElo "1752"]
[BlackElo "1562"]
[PlyCount "70"]
[EventDate "2015.03.25"]
[EventType "swiss"]
[EventRounds "7"]
[EventCountry "ISL"]
[SourceTitle "EXT 2016"]
[Source "ChessBase"]
[SourceDate "2015.10.08"]
[SourceVersion "1"]
[SourceVersionDate "2015.10.08"]
[SourceQuality "1"]

1. d4 Nf6 2. c4 g6 3. Nc3 Bg7 4. e4 d6 5. Nf3 0-0 6. Be2 c5 7. 0-0 cxd4 8. Nxd4 Nc6 9. Be3 a6 10. Qd2 Nxd4 11. Bxd4 Qc7 12. Rac1 e5 13. Be3 Qc6 14. f3 Rd8 15. Nd5 Nxd5 16. cxd5 Qe8 17. Rc7 Rd7 18. Rfc1 b5 19. Qa5 Rxc7 20. Rxc7 Bf6 21. Qc3 Bd7 22. b4 Bd8 23. Ra7 Rxa7 24. Bxa7 Be7 25. Qc7 Qc8 26. Bb6 Qxc7 27. Bxc7 f5 28. Kf2 f4 29. g3 g5 30. g4 Kg7 31. Bd3 Kf7 32. Ke2 Ke8 33. Kd2 Bc8 34. Kc3 Kd7 35. Bb6 Bd8 1/2-1/2

[Event "Reykjavik op"]
[Site "Reykjavik"]
[Date "2014.03.09"]
[Round "7"]
[White "Magnusson, Thorsteinn"]
[Black "Jonasson, Hordur"]
[Result "0-1"]
[WhiteElo "1234"]
[BlackElo "1526"]
[PlyCount "60"]
[EventDate "2014.03.04"]
[EventType "swiss"]
[EventRounds "10"]
[EventCountry "ISL"]
[SourceTitle "CBM 159 Extra"]
[Source "ChessBase"]
[SourceDate "2014.04.24"]
[SourceVersion "1"]
[SourceVersionDate "2014.04.24"]
[SourceQuality "1"]

1. c4 c5 2. g3 g6 3. Bg2 Bg7 4. Nc3 Nc6 5. e4 e5 6. Nge2 Nge7 7. 0-0 0-0 8. a3 a6 9. Rb1 Rb8 10. b4 cxb4 11. axb4 b5 12. c5 d6 13. cxd6 Qxd6 14. Ba3 Rd8 15. Rb2 Be6 16. Nc1 Bc4 17. Re1 Bh6 18. d3 Bxd3 19. Nxd3 Qxd3 20. Qxd3 Rxd3 21. Rb3 Nd4 22. Bf1 Nxb3 23. Bxd3 Bd2 24. Re2 Bxc3 25. Rc2 Bd4 26. Bb2 Bxb2 27. Rxb2 Nd4 28. Ra2 Ra8 29. Kf1 Nec6 30. Ke1 Nxb4 0-1

[Event "Reykjavik op"]
[Site "Reykjavik"]
[Date "2014.03.06"]
[Round "4"]
[White "Jonasson, Hordur"]
[Black "Saraiva, Alexandre Pacheco"]
[Result "0-1"]
[WhiteElo "1526"]
[BlackElo "1963"]
[PlyCount "92"]
[EventDate "2014.03.04"]
[EventType "swiss"]
[EventRounds "10"]
[EventCountry "ISL"]
[SourceTitle "CBM 159 Extra"]
[Source "ChessBase"]
[SourceDate "2014.04.24"]
[SourceVersion "1"]
[SourceVersionDate "2014.04.24"]
[SourceQuality "1"]

1. e4 c6 2. d4 d5 3. Nc3 dxe4 4. Nxe4 Bf5 5. Ng3 Bg6 6. h4 h6 7. h5 Bh7 8. Nf3 Nf6 9. Bd3 Bxd3 10. Qxd3 Na6 11. a3 e6 12. Bf4 Qa5+ 13. c3 c5 14. 0-0 cxd4 15. Qxd4 Qc5 16. Rad1 Qxd4 17. Nxd4 Be7 18. Nb5 0-0 19. Bd6 Bxd6 20. Rxd6 Nc5 21. f3 a6 22. Nd4 Na4 23. Rb1 b5 24. Nde2 Nd5 25. Ne4 Rfc8 26. Nd4 Kf8 27. Nc6 a5 28. Nd4 b4 29. axb4 axb4 30. cxb4 Nxb4 31. b3 Nc5 32. Nxc5 Rxc5 33. g4 Ra2 34. Rb6 Nd5 35. Rb8+ Ke7 36. Re1 Kf6 37. Re2 Rc1+ 38. Kf2 Raa1 39. Rd2 Rh1 40. Ke2 Nf4+ 41. Ke3 e5 42. Rb6+ Kg5 43. Rb5 Rae1+ 44. Kf2 f6 45. Ne2 Rhf1+ 46. Kg3 Nxe2+ 0-1